[Event "Dortmund ABC Serie B-24"]
[Site "Dortmund"]
[Date "2005.11.18"]
[Round "8"]
[White "Mueller, Siegfried"]
[Black "Herrmann, Rudolf"]
[Result "1-0"]
[WhiteElo "1436"]
[BlackElo "1404"]
[PlyCount "83"]
[EventDate "2005.10.12"]
[EventType "tourn"]
[EventRounds "13"]
[EventCountry "GER"]
[SourceTitle "EXT 2007"]
[Source "ChessBase"]
[SourceDate "2006.11.23"]
[SourceVersion "1"]
[SourceVersionDate "2006.11.23"]
[SourceQuality "1"]

1. d4 d5 2. c4 Nf6 3. Nc3 Bf5 4. f3 c6 5. Bg5 Nbd7 6. e3 h6 7. Bf4 e6 8. cxd5 Nxd5 9. Nxd5 exd5 10. a3 Nf6 11. Bd3 Be6 12. Ne2 Bd6 13. 0-0 Bxf4 14. Nxf4 g5 15. Nxe6 fxe6 16. b4 0-0 17. Rc1 Rc8 18. Rc3 Kg7 19. Qc2 a6 20. Rc1 Qd6 21. Qa4 g4 22. f4 Ne4 23. Bxe4 dxe4 24. Qc2 Rcd8 25. Qxe4 Qd5 26. Qxd5 exd5 27. a4 Rf6 28. b5 axb5 29. axb5 Rc8 30. bxc6 Rfxc6 31. Rxc6 Rxc6 32. Rxc6 bxc6 33. h3 gxh3 34. gxh3 Kf6 35. Kf2 Kf5 36. Kg3 h5 37. Kh4 Kg6 38. f5+ Kxf5 39. Kxh5 Kf6 40. Kg4 Kg6 41. Kf4 Kf6 42. h4 1-0

[Event "Dortmund ABC Serie B-24"]
[Site "Dortmund"]
[Date "2005.10.12"]
[Round "1"]
[White "Herrmann, Rudolf"]
[Black "Gennat, Egon Leopold"]
[Result "1-0"]
[WhiteElo "1404"]
[BlackElo "1355"]
[PlyCount "73"]
[EventDate "2005.10.12"]
[EventType "tourn"]
[EventRounds "13"]
[EventCountry "GER"]
[SourceTitle "EXT 2007"]
[Source "ChessBase"]
[SourceDate "2006.11.23"]
[SourceVersion "1"]
[SourceVersionDate "2006.11.23"]
[SourceQuality "1"]

1. Nf3 Nf6 2. d4 e6 3. c4 d5 4. Nc3 Nbd7 5. Bf4 a6 6. e3 Be7 7. cxd5 Nxd5 8. Bg3 N7f6 9. h3 Bb4 10. Rc1 Ne4 11. Nd2 Nxg3 12. fxg3 Qg5 13. Nxd5 Qxg3+ 14. Ke2 exd5 15. Qa4+ Bd7 16. Qxb4 Bb5+ 17. Kd1 Bxf1 18. Rxf1 0-0-0 19. Qc3 Rd7 20. Rg1 Re8 21. e4 Qf2 22. Rf1 Qxg2 23. Qf3 Qg6 24. e5 Re6 25. Nb3 b6 26. a4 a5 27. Qe2 Kb7 28. Qb5 Qh5+ 29. Kc2 Qg6+ 30. Kd1 Qh5+ 31. Ke1 Qh4+ 32. Rf2 Qe4+ 33. Re2 Qh4+ 34. Kd1 Kc8 35. Kc2 Rdd6 36. exd6 Rxe2+ 37. Qxe2 1-0

[Event "Dortmund ABC Serie Anfaenger-23"]
[Site "Dortmund"]
[Date "2005.04.22"]
[Round "3"]
[White "Herrmann, Rudolf"]
[Black "Benz, Friedrich"]
[Result "1-0"]
[WhiteElo "1294"]
[BlackElo "866"]
[PlyCount "63"]
[EventDate "2005.04.13"]
[EventType "tourn"]
[EventRounds "13"]
[EventCountry "GER"]
[SourceTitle "EXT 2007"]
[Source "ChessBase"]
[SourceDate "2006.11.23"]
[SourceVersion "1"]
[SourceVersionDate "2006.11.23"]
[SourceQuality "1"]

1. d4 d5 2. Nf3 Nf6 3. c4 Nc6 4. Nc3 dxc4 5. Bf4 a6 6. e3 Bd7 7. Bxc4 e6 8. 0-0 Bd6 9. Ne5 0-0 10. Re1 Bb4 11. Qc2 b5 12. Bd3 g6 13. a3 Nh5 14. Bh6 Ng7 15. Nxc6 Bxc6 16. axb4 Qh4 17. Bxg7 Kxg7 18. Be4 Bxe4 19. Nxe4 f5 20. Qxc7+ Kg8 21. Nc5 Rf7 22. Qe5 Qe7 23. Ra2 Rd8 24. Rxa6 Rd5 25. Qxe6 Rxc5 26. Qxe7 Rxe7 27. bxc5 f4 28. b4 Kf7 29. Kf1 Re6 30. Rxe6 Kxe6 31. exf4+ Kd5 32. Re5+ 1-0